| 000 | 00522nam a2200181Ia 4500 | ||
|---|---|---|---|
| 999 |
_c13996 _d13996 |
||
| 003 | OSt | ||
| 005 | 20201027120250.0 | ||
| 008 | 190216s9999||||xx |||||||||||||| ||und|| | ||
| 020 | _a1410157506 | ||
| 040 | _coclc | ||
| 082 |
_a863 _bMAR/E |
||
| 100 |
_aMarquez, Gabriel Garcia _95316 |
||
| 245 | 0 |
_aIn Evil Hour / _cGabriel Garcia Marquez |
|
| 260 |
_bPenguin Books, _c1979. _aNew zealand: |
||
| 300 | _a183p | ||
| 650 | _aEnglish Novel-English Novel | ||
| 942 |
_cBK _2ddc _h863 _iMAR/E _k863 _mMAR/E |
||